000 00756nam a2200205Ia 4500
003 GCL
008 140319s9999 xx 000 0 ara d
040 _aGCL /
_cGCL
082 0 4 _a890.4
_bب م
100 1 _aمحمد سامى عاشور (مراجعة)
245 1 0 _aموسيقى موهينى : رواية هندية (هدية من الاديب عبدالفتاح الجمل) /
_cمحمد سامى عاشور (مراجعة)
700 1 _aباتاشاريا، باباتى
700 1 _aعثمان نويه
300 _a326 ص
490 _aالهيئة العامة للاستعلامات
_v0
650 0 4 _aالادب الهندى
650 0 4 _aالقصص الهندية
650 0 4 _aالقصص الهندية المترجمة
942 _2ddc
_cBK
999 _c47644
_d47644